Finančná gramotnosť obyvateľstva SR ako východisko pre tvorbu podnikateľského zámeru v oblasti finančného poradenstva diplomová práca

Saved in:
Bibliographic Details
Main Author: Havran, Martin
Corporate Author: Obchodná fakulta EU. Katedra marketingu
Other Authors: Filo, Peter
Format: Book
Language:Slovak
Published: Bratislava 2013
Tags: Add Tag
No Tags, Be the first to tag this record!

MARC

LEADER 00000nbm a2200000 4500
001 0169350
005 20161109102258.1
041 0 |a slo 
044 |a SK 
245 1 0 |a Finančná gramotnosť obyvateľstva SR ako východisko pre tvorbu podnikateľského zámeru v oblasti finančného poradenstva  |b diplomová práca  |c Martin Havran ; školiteľ: Peter Filo 
264 1 |a Bratislava  |c 2013 
300 |a 83 s. 
100 1 |a Havran, Martin 
700 1 |a Filo, Peter 
710 2 |a Obchodná fakulta EU. Katedra marketingu